How to Write Your Life Story / (Record no. 5329)

MARC details
000 -LEADER
fixed length control field 00929nam a22003017a 4500
001 - CONTROL NUMBER
control field 5329
003 - CONTROL NUMBER IDENTIFIER
control field FISKH
005 - DATE AND TIME OF LATEST TRANSACTION
control field 20241126123249.0
008 - FIXED-LENGTH DATA ELEMENTS--GENERAL INFORMATION
fixed length control field 241126b cb ||||| |||| 00| 0 eng d
020 ## - INTERNATIONAL STANDARD BOOK NUMBER
International Standard Book Number 9780545236584
040 ## - CATALOGING SOURCE
Original cataloging agency FISKH
Language of cataloging eng
Transcribing agency FISKH
Modifying agency FISKH
050 ## - LIBRARY OF CONGRESS CALL NUMBER
Classification number CT25.F58
082 ## - DEWEY DECIMAL CLASSIFICATION NUMBER
Classification number 808.06692
100 ## - MAIN ENTRY--PERSONAL NAME
Personal name Fletcher, Ralph
245 ## - TITLE STATEMENT
Title How to Write Your Life Story /
Statement of responsibility, etc. by Ralph Fletcher
250 ## - EDITION STATEMENT
Edition statement First Scholastic printing , January 2010
260 ## - PUBLICATION, DISTRIBUTION, ETC.
Place of publication, distribution, etc. New York :
Name of publisher, distributor, etc. Scholastic ;
Date of publication, distribution, etc. 2007 .
300 ## - PHYSICAL DESCRIPTION
Extent 102 pages :
Other physical details illustrations ;
Dimensions 20 cm .
505 ## - FORMATTED CONTENTS NOTE
Formatted contents note Z <br/>
520 ## - SUMMARY, ETC.
Summary, etc. This book teaches would-be autobiographers about the style and organization of a biography.
521 8# - TARGET AUDIENCE NOTE
Target audience note 940 <br/>
Source Lexile <br/>
521 8# - TARGET AUDIENCE NOTE
Target audience note Z <br/>
Source Raz-Plus <br/>
650 ## - SUBJECT ADDED ENTRY--TOPICAL TERM
Topical term or geographic name entry element autobiography
Form subdivision Fiction
650 ## - SUBJECT ADDED ENTRY--TOPICAL TERM
Topical term or geographic name entry element middle school
Form subdivision Fiction
700 ## - ADDED ENTRY--PERSONAL NAME
Personal name Nagy, Ian
Relator term illustrator copyright
942 ## - ADDED ENTRY ELEMENTS (KOHA)
Source of classification or shelving scheme Dewey Decimal Classification
Koha item type Books
Suppress in OPAC No
Holdings
Withdrawn status Lost status Source of classification or shelving scheme Damaged status Not for loan Collection Home library Current library Shelving location Date acquired Total Checkouts Full call number Barcode Date last seen Price effective from Koha item type
    Dewey Decimal Classification     Fiction Footprints International School Library Network Toul Kork Campus Footprints International School Library Network Toul Kork Campus TTP Secondary Fiction Bookshelves 11/26/2024   FLE 808.06692 CT25.F58 FISSE01392 11/26/2024 11/26/2024 Books